Statistics for It's Always Sunny In Philadelphia Quiz

Click here to take the quiz!

General Stats

  • This quiz has been taken 442 times
    (327 since last reset)
  • The average score is 12 of 15

Answer Stats

Hint Answer % Correct
What is the McPoyles drink of choice?Milk
99%
Which character from the show is Dee Reynolds married to in real life?Mac
96%
What do the guys compare Dee's appearance to?Giant Bird
91%
Who is an ex-preacher that became now a homeless drug addict?Cricket
89%
Who is Charlie's obsession?The Waitress
87%
What is the name of Charlie's musical?The Nightman Cometh
86%
What is the gang seen drinking wine out of?Soda cans
86%
Who is Charlie's alter-ego that occasionally comes out....especially after taking acid?Green Man
83%
What is the gangs favorite genre of movie?Action
80%
What was Dee's screen name she used to talk to the soldier?Desert Rose
78%
Who did Dennis get married to?Maureen Ponderosa
76%
What is the movie that the gang made together?Lethal Weapon 5
73%
What were Dee and Dennis dressed as when they were on extacy in a night club?Babies
71%
What object did Frank use to win the wrestling match put together for the troops?Trash Can
66%
Where do Charlie and Frank find most of there jeans and other treasures?Sewer
51%

Score Distribution

Percentile by Number Answered

Percent of People with Each Score

Your Score History

You have not taken this quiz since the last reset